000 00966naa a22002657a 4500
001 BR8403898
003 BR-BrBNA
005 20240918175439.0
007 ta
008 230509b bl.||||| |||| 00| 0 por d
040 _aBR-BrBNA
_bpor
_cBiblioteca Nacional de Agricultura
041 _a(Pt)
072 _aK70
090 _aK70 BR8403898
100 1 _aSoares, R.V.
111 1 _a1. Seminario sobre Protecao na Empresa Florestal
_cPiracicaba, SP (Brazil)
_dApr 1984
245 1 _aPrevencao de incendios florestais
260 3 _aPiracicaba, SP (Brasil):
_c1984.
500 _aAnais do 1. Seminario sobre Protecao na Empresa Florestal Piracicaba, SP (Brasil): 1984. p. 25-38 (BR8403898-AM)K70
650 _aINCENDIO FLORESTAL
650 _aPREVENCAO DE ACIDENTE
773 0 _tAnais do 1. Seminario sobre Protecao na Empresa Florestal
_wK70 BR8403898
_gPiracicaba, SP (Brasil), 1984. p. 25-38
909 _a202404
_bLucia
_c55
_dLucia Elande
942 _cAM
_2AGRIS
999 _c316784
_d316784